|
|
|
|
| LEADER |
01291nam a2200385Ia 4500 |
| 001 |
EBC514301 |
| 003 |
MiAaPQ |
| 005 |
20200520144314.0 |
| 006 |
m o d | |
| 007 |
cr cn||||||||| |
| 008 |
091119s2010 njua sb 001 0 eng d |
| 010 |
|
|
|z 2009049299
|
| 020 |
|
|
|z 9780470481295
|
| 035 |
|
|
|a (MiAaPQ)EBC514301
|
| 035 |
|
|
|a (Au-PeEL)EBL514301
|
| 035 |
|
|
|a (CaPaEBR)ebr10381098
|
| 035 |
|
|
|a (CaONFJC)MIL268919
|
| 035 |
|
|
|a (OCoLC)768204545
|
| 040 |
|
|
|a MiAaPQ
|c MiAaPQ
|d MiAaPQ
|
| 050 |
|
4 |
|a HD31
|b .C6134 2010
|
| 082 |
0 |
4 |
|a 658
|2 22
|
| 245 |
0 |
4 |
|a The portable MBA
|h [electronic resource] /
|c edited by Kenneth M. Eades ... [et al.].
|
| 250 |
|
|
|a 5th ed.
|
| 260 |
|
|
|a Hoboken, N.J. :
|b Wiley,
|c c2010.
|
| 300 |
|
|
|a xvii, 358 p. :
|b ill.
|
| 504 |
|
|
|a Includes bibliographical references and index.
|
| 533 |
|
|
|a Electronic reproduction. Ann Arbor, MI : ProQuest, 2015. Available via World Wide Web. Access may be limited to ProQuest affiliated libraries.
|
| 650 |
|
0 |
|a Management.
|
| 650 |
|
0 |
|a Marketing.
|
| 650 |
|
0 |
|a Accounting.
|
| 650 |
|
0 |
|a Personnel management.
|
| 655 |
|
4 |
|a Electronic books.
|
| 700 |
1 |
|
|a Eades, Ken M.
|
| 710 |
2 |
|
|a ProQuest (Firm)
|
| 856 |
4 |
0 |
|u https://ebookcentral.proquest.com/lib/matrademy/detail.action?docID=514301
|z Click to View
|